00254nam a2200109Ia 4500008004100000100001600041245002900057260002000086260000900106546001200115999001700127170619s9999 xx 000 0 und d aFrench Bell 0aOrganization development bNew Delhi P H I c2004 aENGLISH c22082d22082